| 000 | 01757nam a2200397 c 4500 | ||
|---|---|---|---|
| 999 |
_c189536 _d189536 |
||
| 003 | BLK | ||
| 005 | 20200825153257.0 | ||
| 008 | 180411b bul|||||r ||||||| ||bul|| | ||
| 010 | _aKNG00198580000 | ||
| 040 | _aBLK | ||
| 041 |
_aBUL _cBUL |
||
| 080 |
_aХидротерапия (водотерапия). Балнеолечение. Курортотерапия - Лечение с бани, горещи бани, сауна, хладни бани, речно къпане, влажни фрикции, компреси, с "жива вода"(алкално активирана, с ph 9, 6;курорт _b615.838 _x(497.2) _z615.838(497.2) |
||
| 100 | 1 |
_aИлиев, Цветан Стоянов _eпърви автор _9383659 |
|
| 139 |
_aИлиев, Цветан Стоянов и др. _bИ 52 |
||
| 245 | 1 | 0 |
_aБалчишка тузла _bНауч.-попул. очерк _cЦветан Стоянов Илиев; съавт. Лилия Владева. |
| 257 | _aBGR | ||
| 260 |
_aСофия _bМедицина и физкултура _c1983 |
||
| 300 |
_a72 с. _bс ил., табл. _c17 см |
||
| 380 | _a61 | ||
| 490 |
_aНаши курорти _9205785 |
||
| 500 | _a5 100 тир. | ||
| 650 | 4 |
_aКурорти - България _9319021 |
|
| 650 | 4 |
_aКалолечение _9158153 |
|
| 650 | 4 |
_aБалнеотерапия _9148062 |
|
| 651 | 4 |
_aБългария _9241624 |
|
| 653 | _aкурорти | ||
| 653 | _aкалотерапия | ||
| 653 | _aбалнеотерапия | ||
| 653 | _aклиматолечение | ||
| 700 | 1 |
_aВладева, Лилия _eсъавт. _9344867 |
|
| 852 | _aЦб І 20565 | ||
| 856 | 4 | _qpdf | |
| 856 | 4 | _qpdf | |
| 942 |
_cKNG _n0 _s1 |
||
| 944 |
_aCR _c19.12.2016 _kЕлиз_Шакирова |
||
| 944 |
_aED _c19.12.2016 _kСевдалина_Василева |
||
| 999 | _d189536 | ||